[Event "GER-chT U16"]
[Site "Magdeburg"]
[Date "2023.12.27"]
[Round "2.8"]
[White "Von Beckh, Frieda"]
[Black "Laucht, Philipp"]
[Result "0-1"]
[WhiteElo "1656"]
[BlackElo "1661"]
[PlyCount "80"]
[EventDate "2023.12.26"]
[EventType "team-swiss"]
[EventRounds "7"]
[EventCountry "GER"]
[SourceTitle "CB03_2024"]
[SourceDate "2024.01.17"]
[SourceVersion "1"]
[SourceVersionDate "2024.01.17"]
[SourceQuality "1"]
[WhiteTeam "Bad Homburg"]
[BlackTeam "Eppendorf"]
[WhiteTeamCountry "GER"]
[BlackTeamCountry "GER"]

1. e4 c5 2. Nc3 Nc6 3. f4 g6 4. Nf3 Bg7 5. Bb5 Nd4 6. 0-0 e6 7. e5 a6 8. Be2 d6 9. exd6 Qxd6 10. d3 Ne7 11. Ne4 Qc7 12. c3 Nxe2+ 13. Qxe2 0-0 14. Be3 b6 15. Qf2 Nd5 16. Ne5 Nxe3 17. Qxe3 Bb7 18. Rae1 Rad8 19. Qh3 Bxe4 20. Rxe4 Rd5 21. Ng4 f5 22. Rxe6 fxg4 23. Qxg4 Rdf5 24. g3 Qd7 25. Qe2 R5f6 26. Re7 Qc6 27. Rd1 Rd6 28. Qg4 Bf6 29. Ra7 b5 30. f5 Bg7 31. fxg6 Rxg6 32. Qh5 Qb6 33. Qd5+ Kh8 34. Rf7 Rxf7 35. Qxf7 Rf6 36. Qd5 Qc6 37. Qd8+ Rf8 38. Qg5 Qf3 39. Qd2 Bh6 40. Qc2 Be3+ 0-1

[Event "Heusenstamm Schloss op"]
[Site "Heusenstamm"]
[Date "2023.11.26"]
[Round "7"]
[White "Leibbrand, Udo Manfred"]
[Black "Von Beckh, Frieda"]
[Result "1-0"]
[WhiteElo "2053"]
[BlackElo "1614"]
[PlyCount "53"]
[EventDate "2023.11.23"]
[EventType "swiss"]
[EventRounds "7"]
[EventCountry "GER"]
[SourceTitle "CB50_2023"]
[SourceDate "2023.12.13"]
[SourceVersion "1"]
[SourceVersionDate "2023.12.13"]
[SourceQuality "1"]

1. c4 c5 2. Nf3 e6 3. g3 d5 4. cxd5 exd5 5. d4 Nc6 6. Bg2 Nf6 7. 0-0 Be7 8. b3 Bf5 9. Bb2 0-0 10. dxc5 Bxc5 11. Nd4 Nxd4 12. Bxd4 Bxd4 13. Qxd4 Be4 14. Nc3 Bxg2 15. Kxg2 Qd7 16. Rfd1 Rfd8 17. Rd3 Qe6 18. Rad1 Rd7 19. Qf4 Rad8 20. e3 Qc6 21. Qa4 Qc5 22. Ne2 a6 23. Rc1 Qe7 24. Rd4 Ne4 25. Nc3 Qe6 26. Nxe4 b5 27. Qa5 1-0

[Event "GER-ch U16 Girls"]
[Site "Willingen"]
[Date "2023.05.28"]
[Round "1"]
[White "Von Beckh, Frieda"]
[Black "Ottlik, Marie"]
[Result "1/2-1/2"]
[WhiteElo "1673"]
[BlackElo "1552"]
[PlyCount "118"]
[EventDate "2023.05.27"]
[EventType "swiss"]
[EventRounds "9"]
[EventCountry "GER"]
[SourceTitle "CBM 214 Extra"]
[Source "ChessBase"]
[SourceDate "2023.07.31"]
[SourceVersion "1"]
[SourceVersionDate "2023.07.31"]
[SourceQuality "1"]

1. e4 c5 2. Nc3 Nc6 3. f4 g6 4. Nf3 Bg7 5. Bb5 Nd4 6. 0-0 Nxb5 7. Nxb5 d5 8. exd5 a6 9. Nc3 Nf6 10. d4 Nxd5 11. dxc5 Nxc3 12. Qxd8+ Kxd8 13. bxc3 Bxc3 14. Rb1 Kc7 15. Rb3 Bf6 16. Bd2 Be6 17. Ba5+ Kc6 18. Ne5+ Bxe5 19. Rb6+ Kxc5 20. fxe5 Bd5 21. c4 Bxc4 22. Rd1 Rad8 23. Rb5+ Bxb5 24. Rxd8 Rxd8 25. Bxd8 Kd5 26. Bxe7 Kxe5 27. Kf2 Bc4 28. a3 b5 29. Ke3 Be6 30. Bb4 Kd5 31. Kd3 Bf5+ 32. Kc3 h5 33. Ba5 Be4 34. g3 Bf5 35. Kb4 Ke4 36. Bc7 Bh3 37. Ka5 Kf3 38. Kxa6 Kg2 39. Kxb5 Kxh2 40. Kc5 Kg2 41. a4 Kf3 42. Kd5 f5 43. a5 Kg4 44. a6 Bg2+ 45. Kd4 g5 46. Ke3 h4 47. gxh4 Kxh4 48. Kf2 Bc6 49. a7 f4 50. Bd6 Kg4 51. Bc7 Kf5 52. Bb6 g4 53. Bc5 g3+ 54. Kf1 Kg4 55. Bb6 f3 56. Be3 Kf5 57. Bb6 Ke4 58. Bc5 Kd3 59. Bd6 g2+ 1/2-1/2

[Event "GER-chT U14"]
[Site "Willingen"]
[Date "2022.08.13"]
[Round "1.7"]
[White "Trenz, Finn"]
[Black "Von Beckh, Frieda"]
[Result "1-0"]
[WhiteElo "1667"]
[BlackElo "1548"]
[PlyCount "71"]
[EventDate "2022.08.13"]
[EventType "team-swiss"]
[EventRounds "7"]
[EventCountry "GER"]
[SourceTitle "EXT 2023"]
[Source "ChessBase"]
[SourceDate "2022.10.05"]
[SourceVersion "1"]
[SourceVersionDate "2022.10.05"]
[SourceQuality "1"]
[WhiteTeam "Ingelheim"]
[BlackTeam "Bad Homburg"]
[WhiteTeamCountry "GER"]
[BlackTeamCountry "GER"]

1. e4 c5 2. c4 Nc6 3. Nc3 g6 4. g3 Bg7 5. Bg2 Nf6 6. Nge2 0-0 7. 0-0 Ne8 8. d3 Nc7 9. Be3 Ne6 10. a3 Ned4 11. Rb1 a5 12. a4 d6 13. Nb5 Nxb5 14. axb5 Ne5 15. h3 f5 16. Kh2 fxe4 17. Bxe4 Qd7 18. Bd5+ Kh8 19. Bg2 Qf5 20. Nf4 g5 21. Be4 Qd7 22. Qh5 h6 23. Ng6+ Nxg6 24. Bxg6 Rf6 25. Be4 Kg8 26. f4 g4 27. Bd2 gxh3 28. Bc3 Rf7 29. Bxg7 Rxg7 30. Rbe1 e6 31. f5 Qf7 32. Qxh6 Rh7 33. Qg5+ Qg7 34. Qd8+ Qf8 35. Qxf8+ Kxf8 36. fxe6+ 1-0

[Event "GER-ch U16 Girls"]
[Site "Willingen"]
[Date "2022.06.09"]
[Round "7"]
[White "Sarian, Gaya"]
[Black "Von Beckh, Frieda"]
[Result "1-0"]
[WhiteElo "1181"]
[BlackElo "1651"]
[PlyCount "137"]
[EventDate "2022.06.04"]
[EventType "swiss"]
[EventRounds "9"]
[EventCountry "GER"]
[SourceTitle "CBM 208 Extra"]
[Source "ChessBase"]
[SourceDate "2022.07.31"]
[SourceVersion "1"]
[SourceVersionDate "2022.07.31"]
[SourceQuality "1"]

1. e4 c5 2. Nf3 Nc6 3. d4 cxd4 4. Nxd4 g6 5. c4 Bg7 6. Be3 Nf6 7. Nc3 0-0 8. Be2 d6 9. h3 Bd7 10. 0-0 Nxd4 11. Bxd4 Bc6 12. Qc2 Nd7 13. Bxg7 Kxg7 14. Rad1 Rc8 15. Bg4 Rc7 16. Bxd7 Qxd7 17. e5 d5 18. Qb1 d4 19. Rfe1 Rd8 20. Ne2 d3 21. Rd2 dxe2 22. Rxd7 Rcxd7 23. Qc2 Rd2 24. Qc3 Rd1 25. Kh2 R8d2 26. Qe3 Rd3 27. Qxe2 R1d2 28. Qf1 Rd4 29. Re2 R2d3 30. Qc1 h6 31. Qc2 Bd7 32. Re3 Rd2 33. Qc3 Be6 34. f4 Bxc4 35. e6 Bd5 36. Re2 R2d3 37. Qc2 Bxe6 38. Qc1 Rc4 39. Qf1 Rdd4 40. Rf2 Bf5 41. b3 Rb4 42. g4 Bd3 43. Qa1 f6 44. Rd2 e5 45. fxe5 fxe5 46. Qc3 Bb5 47. Qc7+ Kf6 48. Rf2+ Ke6 49. Qf7+ Kd6 50. Rf6+ Kc5 51. Qc7+ Bc6 52. Qe7+ Kb6 53. Qxe5 Rd2+ 54. Kg1 Rbd4 55. Qe3 R2d3 56. Qxh6 Rg3+ 57. Kf2 Rg2+ 58. Ke3 Re4+ 59. Kf3 Ree2+ 60. Kf4 Rd2 61. Qxg6 Rgf2+ 62. Kg5 Rd5+ 63. Kh4 Rxa2 64. Qg8 Kb5 65. Rf5 Rxf5 66. Qc4+ Kb6 67. gxf5 Ra5 68. Qd4+ Rc5 69. b4 1-0

[Event "GER-ch U16 Girls"]
[Site "Willingen"]
[Date "2022.06.06"]
[Round "3"]
[White "Von Beckh, Frieda"]
[Black "Glowiak, Alexandra"]
[Result "0-1"]
[WhiteElo "1651"]
[BlackElo "1503"]
[PlyCount "52"]
[EventDate "2022.06.04"]
[EventType "swiss"]
[EventRounds "9"]
[EventCountry "GER"]
[SourceTitle "CBM 208 Extra"]
[Source "ChessBase"]
[SourceDate "2022.07.31"]
[SourceVersion "1"]
[SourceVersionDate "2022.07.31"]
[SourceQuality "1"]

1. e4 e5 2. Nf3 Nc6 3. d4 exd4 4. Nxd4 Bc5 5. Nb3 Bb6 6. Nc3 d6 7. Qe2 Be6 8. Be3 Nf6 9. 0-0-0 Qe7 10. h3 0-0-0 11. Bxb6 axb6 12. Nd4 Nxd4 13. Rxd4 Rhe8 14. Ra4 Kb8 15. g4 Bd7 16. g5 Ng8 17. Nd5 Qxg5+ 18. f4 Qh4 19. Rb4 Bc6 20. Nxb6 Qxf4+ 21. Kb1 cxb6 22. Bg2 Nf6 23. Rf1 Qh4 24. Rxb6 Nxe4 25. Qd3 Nc5 26. Qc3 Bxg2 0-1

[Event "GER-ch U16 Girls"]
[Site "Willingen"]
[Date "2022.06.05"]
[Round "1"]
[White "Von Beckh, Frieda"]
[Black "Alhassan, Jodi"]
[Result "1-0"]
[WhiteElo "1651"]
[BlackElo "1225"]
[PlyCount "43"]
[EventDate "2022.06.04"]
[EventType "swiss"]
[EventRounds "9"]
[EventCountry "GER"]
[SourceTitle "CBM 208 Extra"]
[Source "ChessBase"]
[SourceDate "2022.07.31"]
[SourceVersion "1"]
[SourceVersionDate "2022.07.31"]
[SourceQuality "1"]

1. e4 c5 2. Nc3 d6 3. f4 Nf6 4. Nf3 e6 5. d4 cxd4 6. Nxd4 a6 7. Be2 Nbd7 8. 0-0 b5 9. Bf3 Bb7 10. e5 Bxf3 11. Qxf3 dxe5 12. Nc6 Qc7 13. fxe5 Bc5+ 14. Kh1 Rc8 15. exf6 Nxf6 16. Bh6 Qxc6 17. Bxg7 Qxf3 18. Rxf3 Rg8 19. Bxf6 b4 20. Ne4 Bf8 21. Be5 Rxc2 22. Bd4 1-0

[Event "GER-ch U14 Girls"]
[Site "Willingen"]
[Date "2021.08.29"]
[Round "9"]
[White "Reich, Elisabeth"]
[Black "Von Beckh, Frieda"]
[Result "1-0"]
[WhiteElo "1368"]
[BlackElo "1541"]
[PlyCount "71"]
[EventDate "2021.08.22"]
[EventType "swiss"]
[EventRounds "9"]
[EventCountry "GER"]
[SourceTitle "EXT 2022"]
[Source "ChessBase"]
[SourceDate "2021.10.06"]
[SourceVersion "1"]
[SourceVersionDate "2021.10.06"]
[SourceQuality "1"]

1. Nf3 d5 2. d3 c5 3. g3 Nc6 4. Nbd2 Nf6 5. e4 e6 6. Bg2 Be7 7. 0-0 0-0 8. a4 Qc7 9. Re1 Re8 10. Nf1 Bd6 11. Nh4 Ne5 12. f4 Ned7 13. e5 Nxe5 14. fxe5 Bxe5 15. c3 b6 16. Qe2 Bd6 17. Bg5 Nd7 18. Bxd5 Bb7 19. Bxb7 Qxb7 20. Qf3 Qc7 21. Ng2 Ne5 22. Qe2 Qc6 23. Nd2 f6 24. Bf4 Rad8 25. Bxe5 Bxe5 26. Nf3 Bd6 27. Ne3 a6 28. d4 cxd4 29. Nxd4 Qb7 30. Qf3 Qd7 31. Qc6 Qxc6 32. Nxc6 Rd7 33. Rad1 Rc8 34. Ne7+ Rxe7 35. Rxd6 Rb8 36. Nf5 1-0

[Event "GER-ch U14 Girls"]
[Site "Willingen"]
[Date "2021.08.26"]
[Round "5"]
[White "Labuda, Annika"]
[Black "Von Beckh, Frieda"]
[Result "1-0"]
[WhiteElo "1284"]
[BlackElo "1541"]
[PlyCount "45"]
[EventDate "2021.08.22"]
[EventType "swiss"]
[EventRounds "9"]
[EventCountry "GER"]
[SourceTitle "EXT 2022"]
[Source "ChessBase"]
[SourceDate "2021.10.06"]
[SourceVersion "1"]
[SourceVersionDate "2021.10.06"]
[SourceQuality "1"]

1. e4 c5 2. Nf3 Nc6 3. d4 cxd4 4. Nxd4 g6 5. Nc3 Bg7 6. Nb3 Nf6 7. Be2 0-0 8. 0-0 d6 9. Bg5 a6 10. Kh1 b5 11. Bf3 b4 12. e5 Bb7 13. exf6 exf6 14. Bf4 bxc3 15. bxc3 f5 16. Bxd6 Bxc3 17. Rb1 Qh4 18. Bxf8 Be5 19. g3 Qh3 20. Bg2 Nd4 21. Bxb7 f4 22. Bg2 Qf5 23. Nxd4 1-0

[Event "GER-chT U14 Girls"]
[Site "Neumuenster"]
[Date "2019.12.30"]
[Round "7.6"]
[White "Modali, Nikhilamrutha"]
[Black "Von Beckh, Frieda"]
[Result "0-1"]
[WhiteElo "1112"]
[BlackElo "1513"]
[PlyCount "94"]
[EventDate "2019.12.27"]
[EventType "team-swiss"]
[EventRounds "7"]
[EventCountry "GER"]
[SourceTitle "CBM 194 Extra"]
[Source "ChessBase"]
[SourceDate "2020.03.31"]
[SourceVersion "1"]
[SourceVersionDate "2020.03.31"]
[SourceQuality "1"]
[WhiteTeam "Hamburger SK"]
[BlackTeam "Ingelheim"]
[WhiteTeamCountry "GER"]
[BlackTeamCountry "GER"]

1. e4 c5 2. Nf3 Nc6 3. Bc4 g6 4. d3 Bg7 5. 0-0 Nf6 6. Nc3 0-0 7. Be3 d6 8. h3 a6 9. Qd2 b5 10. Bd5 Nxd5 11. exd5 Nd4 12. Bxd4 cxd4 13. Ne2 Bb7 14. Nfxd4 Bxd5 15. c3 Bb7 16. Rfe1 Rc8 17. h4 e5 18. Nc2 Qxh4 19. d4 Rfe8 20. Ng3 b4 21. dxe5 bxc3 22. bxc3 Bxe5 23. Qd3 Rf8 24. Rab1 Rxc3 25. Qd2 Ba8 26. Rxe5 Rxc2 27. Qxc2 dxe5 28. Qe2 Qf6 29. a4 Qc6 30. f3 Re8 31. a5 Qc5+ 32. Kf1 Qxa5 33. Ne4 Bxe4 34. Qxe4 Qd8 35. Qc4 a5 36. Rb7 Re7 37. Rb5 Qd1+ 38. Kf2 Qd4+ 39. Qxd4 exd4 40. Rxa5 Rd7 41. Ra1 Kg7 42. Ke2 Kf6 43. Kd3 Ke5 44. Re1+ Kf4 45. Re8 Kg3 46. Rh8 h5 47. f4 Kxf4 0-1

[Event "GER-chT U14 Girls"]
[Site "Neumuenster"]
[Date "2019.12.29"]
[Round "6.3"]
[White "Von Beckh, Frieda"]
[Black "Mueller, Helene"]
[Result "1-0"]
[WhiteElo "1513"]
[BlackElo "1545"]
[PlyCount "53"]
[EventDate "2019.12.27"]
[EventType "team-swiss"]
[EventRounds "7"]
[EventCountry "GER"]
[SourceTitle "CBM 194 Extra"]
[Source "ChessBase"]
[SourceDate "2020.03.31"]
[SourceVersion "1"]
[SourceVersionDate "2020.03.31"]
[SourceQuality "1"]
[WhiteTeam "Ingelheim"]
[BlackTeam "Lichtenberg Borussia"]
[WhiteTeamCountry "GER"]
[BlackTeamCountry "GER"]

1. e4 c5 2. d4 cxd4 3. c3 d3 4. Bxd3 Nc6 5. Nf3 d6 6. 0-0 Nf6 7. Qe2 g6 8. Rd1 Bg7 9. c4 0-0 10. Nc3 Nd7 11. Be3 Nc5 12. Bc2 Qc7 13. Nd5 Qb8 14. e5 Na6 15. Bf4 Be6 16. exd6 exd6 17. Bxd6 Qd8 18. Bxf8 Qxf8 19. Be4 Rc8 20. Nf4 Nc5 21. Bxc6 Rxc6 22. Nd4 Rb6 23. Rab1 Qc8 24. b4 Bf5 25. Nxf5 Qxf5 26. Nd5 Ne4 27. Ne7+ 1-0

[Event "Heusenstamm Sparkassen op-B 6th"]
[Site "Heusenstamm"]
[Date "2019.11.24"]
[Round "6"]
[White "Von Beckh, Frieda"]
[Black "Hegel, Jonas"]
[Result "0-1"]
[WhiteElo "1415"]
[BlackElo "1616"]
[PlyCount "22"]
[EventDate "2019.11.21"]
[EventType "swiss"]
[EventRounds "7"]
[EventCountry "GER"]
[SourceTitle "CBM 194 Extra"]
[Source "ChessBase"]
[SourceDate "2020.03.31"]
[SourceVersion "1"]
[SourceVersionDate "2020.03.31"]
[SourceQuality "1"]

1. e4 e6 2. d4 d5 3. Nc3 Nf6 4. exd5 exd5 5. Bg5 c6 6. Bd3 Bd6 7. Qd2 h6 8. Bh4 Nbd7 9. 0-0-0 0-0 10. Nf3 Bc7 11. h3 Bf4 0-1

[Event "Heusenstamm Sparkassen op-B 6th"]
[Site "Heusenstamm"]
[Date "2019.11.22"]
[Round "2"]
[White "Von Beckh, Frieda"]
[Black "Werner, Florin"]
[Result "1-0"]
[WhiteElo "1415"]
[BlackElo "1297"]
[PlyCount "103"]
[EventDate "2019.11.21"]
[EventType "swiss"]
[EventRounds "7"]
[EventCountry "GER"]
[SourceTitle "CBM 194 Extra"]
[Source "ChessBase"]
[SourceDate "2020.03.31"]
[SourceVersion "1"]
[SourceVersionDate "2020.03.31"]
[SourceQuality "1"]

1. e4 e6 2. d4 d5 3. Nc3 Nf6 4. Bg5 h6 5. Bxf6 Qxf6 6. exd5 Bb4 7. Qd2 Bxc3 8. Qxc3 exd5 9. Qxc7 Qe6+ 10. Qe5 Qxe5+ 11. dxe5 Nc6 12. 0-0-0 Be6 13. Nf3 0-0-0 14. Bb5 Kc7 15. Rhe1 Nb4 16. a3 Nc6 17. Nd4 Nxd4 18. Rxd4 a6 19. Ba4 b5 20. Bb3 Kc6 21. Red1 Rd7 22. h3 Rhd8 23. g4 g6 24. f4 a5 25. a4 b4 26. Kd2 Kc5 27. Ke3 Rf8 28. f5 gxf5 29. gxf5 Bxf5 30. Rxd5+ Rxd5 31. Rxd5+ Kb6 32. Rd6+ Kc5 33. Rxh6 Re8 34. Kf4 Bg6 35. e6 Re7 36. exf7 Bxf7 37. Rh7 Bxb3 38. Rxe7 Bxa4 39. b3 Bb5 40. Re5+ Kc6 41. Rxb5 Kxb5 42. h4 a4 43. bxa4+ Kxa4 44. h5 Ka3 45. h6 Kb2 46. h7 Kxc2 47. h8Q b3 48. Qc8+ Kb1 49. Ke3 b2 50. Kd2 Ka1 51. Qa8+ Kb1 52. Kc3 1-0

[Event "GER-chT Lands U20"]
[Site "Wuerzburg"]
[Date "2019.10.02"]
[Round "2.2"]
[White "Von Beckh, Frieda"]
[Black "Haubold, Christian Lucas"]
[Result "0-1"]
[WhiteElo "1541"]
[BlackElo "1430"]
[PlyCount "86"]
[EventDate "2019.10.01"]
[EventType "team-swiss"]
[EventRounds "7"]
[EventCountry "GER"]
[SourceTitle "EXT 2020"]
[Source "ChessBase"]
[SourceDate "2019.10.17"]
[SourceVersion "1"]
[SourceVersionDate "2019.10.17"]
[SourceQuality "1"]
[WhiteTeam "Hessen"]
[BlackTeam "Sachsen Anhalt"]
[WhiteTeamCountry "GER"]
[BlackTeamCountry "GER"]

1. e4 e5 2. Nf3 Nc6 3. d4 exd4 4. Bc4 Bc5 5. Ng5 Nh6 6. Nxf7 Nxf7 7. Bxf7+ Kxf7 8. Qh5+ g6 9. Qxc5 d5 10. Qxd5+ Qxd5 11. exd5 Nb4 12. Na3 Nxd5 13. 0-0 Bf5 14. Bf4 Nxf4 15. Rfe1 a6 16. Rad1 Rhe8 17. h3 Rxe1+ 18. Rxe1 Re8 19. Rd1 b5 20. c4 dxc3 21. bxc3 Ne2+ 22. Kf1 Nxc3 23. Rd2 Ke7 24. Nc2 Bxc2 25. Rxc2 b4 26. a3 Rd8 27. g3 Rd1+ 28. Kg2 c5 29. f4 bxa3 30. Rxc3 a2 31. Ra3 a1Q 32. Rxa1 Rxa1 33. Kf3 Rd1 34. Ke4 c4 35. f5 gxf5+ 36. Kxf5 c3 37. g4 c2 38. g5 c1Q 39. g6 Qc5+ 40. Kf4 Rd4+ 41. Kf3 Qc3+ 42. Kf2 Rd2+ 43. Kf1 Qc1# 0-1